Finančné riziko a efektívnosť investičného projektu

Finančné riziko v systematike podnikateľských rizík zaraďované medzi ekonomické (prevádzkové) riziká s definovanými dosahmi na financie podniku. Finančné riziko s okamžitým vplyvom na efektívnosť investičného projektu. Finančné riziko s oneskoreným vplyvom na efektívnosť investičného projektu. Kapit...

Descrizione completa

Salvato in:
Dettagli Bibliografici
Autore principale: Markovič, Peter, 1974-
Natura: Capitolo di libro
Lingua:slovacco
Soggetti:
Tags: Aggiungi Tag
Nessun Tag, puoi essere il primo ad aggiungerne!!

MARC

LEADER 00000naa a2200000 4500
001 0145965
005 20240502072631.8
041 0 |a slo 
044 |a SK 
245 1 0 |a Finančné riziko a efektívnosť investičného projektu  |c Peter Markovič 
520 |a Finančné riziko v systematike podnikateľských rizík zaraďované medzi ekonomické (prevádzkové) riziká s definovanými dosahmi na financie podniku. Finančné riziko s okamžitým vplyvom na efektívnosť investičného projektu. Finančné riziko s oneskoreným vplyvom na efektívnosť investičného projektu. Kapitálové výdavky. Očakávané cash flow z projektu. Rizikové faktory: úroková sadzba, predajná cena, náklady na jednotku, daňová sadzba, požadovaná miera výnosnosti. Praktický príklad. 
610 2 0 |a projekty investičné 
610 2 0 |a investície 
610 2 0 |a efektívnosť investícií 
610 2 0 |a riziko finančné 
610 2 0 |a cash flow 
610 2 0 |a ceny predajné 
610 2 0 |a sadzby úrokové 
610 2 0 |a výnosnosť 
610 2 0 |a náklady 
100 1 |a Markovič, Peter, 1974-